000 00302nam a22001337a 4500
020 _a81-87834-38-2
082 _a920
_bVAS/G
100 _aVASANTH,ANITHA
245 _aLEADERS OF PEOPLE
260 _aCHENNAI
_bSEASONS PUBLISHING
300 _a126
650 _aSTORIES OF LEADERS
_zCHENNAI
942 _cBK
999 _c6362
_d6362